Countries that visit Kazakhstan the most - Statistics

General Stats
  • This quiz has been taken 89 times
  • The average score is 13 of 15
Answer Stats
Number of tourists Country % Correct
1,587,409 Russia
100%
1,348,709 Kyrgyzstan
97%
2,459,757 Uzbekistan
97%
117,465 China
95%
20,166 United Kingdom
95%
63,156 Turkmenistan
94%
89,611 Turkey
92%
26,402 United States
91%
207,009 Tajikistan
90%
73,390 Ukraine
90%
63,520 Belarus
83%
94,846 Azerbaijan
82%
90,286 Germany
81%
26,097 Armenia
73%
22,276 South Korea
73%
No matching quizzes found
Score Distribution
Percent of People with Each Score
Percentile by Number Answered
Your Score History
You have not taken this quiz